| 000 | 00731nam a2200205Ia 4500 | ||
|---|---|---|---|
| 005 | 20260121110122.0 | ||
| 008 | 008 260114s9999 xx 000 0 hin d | ||
| 020 | _a9788132300106 | ||
| 037 | _aEBOOK | ||
| 040 |
_aCRL _bhin _cCRL |
||
| 041 |
_ahin _2hin |
||
| 084 | _qCRL | ||
| 100 |
_aप्रतिभा सिन्हा / Pratibha Sinha _9942266 |
||
| 245 | 0 | _aआधुनिक भारत का इतिहास (1740 ई- से 1813 ई- तक) / Aadhunik Bharat ka Itihas (1740 E- se 1813 E- tak) | |
| 260 |
_bभाषा प्रकाशन / Bhasha Prakashan _c2020 |
||
| 856 | _uhttps://bhashaprakashan.com/product-details/377676 | ||
| 942 | _cEBOOK | ||
| 999 |
_c1533931 _d1533931 |
||